世界での生産トン数順の作物 - Statistics

General Stats
  • This quiz has been taken 59 times
  • The average score is 25 of 50
Answer Stats
数量 作物 % Correct
14億4100万トン トウモロコシ
95%
9億4600万トン コムギ
95%
9億8700万トン コメ
93%
4億7000万トン ジャガイモ
85%
6100万トン ニンジン
83%
1億800万トン キャベツ
80%
4210万トン レタス
80%
2億5400万トン トマト
75%
1億4300万トン リンゴ
75%
1億3300万トン サツマイモ
75%
8760万トン ブドウ
75%
8410万トン オレンジ
75%
3億6900万トン ダイズ
73%
1億5700万トン オオムギ
73%
1億4700万トン バナナ
70%
1億3500万トン タマネギ
68%
9760万トン ナス
63%
1億7200万トン キュウリ
60%
1億6000万トン スイカ
60%
2420万トン レモン/ライム
60%
20億2600万トン サトウキビ
58%
3億3500万トン キャッサバ
58%
7130万トン ミカン(タンジェリン)
58%
4280万トン メロン
55%
5380万トン トウガラシ
50%
4320万トン モモ
50%
1970万トン タロ(タロイモ)
50%
4430万トン チャノキ(茶)
45%
4570万トン ナシ
43%
3570万トン カリフラワー/ブロッコリー
43%
3170万トン パイナップル
43%
2億7000万トン テンサイ(サトウダイコン)
40%
6310万トン マンゴー
40%
3020万トン カボチャ
40%
6380万トン ホウレンソウ
35%
1億300万トン アブラナ(菜種油)
33%
6280万トン ココナッツ
33%
5050万トン ニンニク
33%
3360万トン 雑穀(キビ/ヒエ)
28%
3250万トン エンドウ
28%
8830万トン ヤム(ヤムイモ)
25%
7260万トン ラッカセイ(落花生/ピーナッツ)
25%
2700万トン エンバク(オーツ)
25%
8780万トン ワタ(綿花)
23%
4億2500万トン パーム油
18%
9380万トン マッシュルーム
18%
6080万トン モロコシ(コーリャン/ソルガム/タカキビ)
15%
5720万トン ヒマワリ
10%
4420万トン プランテン(調理用バナナ)
10%
4140万トン サヤインゲン
5%
No matching quizzes found
Score Distribution
Percent of People with Each Score
Percentile by Number Answered
Your Score History
You have not taken this quiz